000
00272nam a22001097a 4500
020
_a
9788178848105
082
_a
664.001
_b
DUG/IN
100
_a
Duggal, Kamal
245
_a
Introductionto food microbiology
260
_a
New Delhi
_b
Cyber Tech Publications
_c
2011
942
_c
BK
999
_c
14000
_d
14000